00436nam a2200157Ia 4500020001800000082001600018245005200034250000800086260003900094300001300133440003700146504001900183650003400202700002000236700002200256 a1-4051-3066-4 a320.01 CON- 0aContemporary political philosophy: an anthology a2nd aMaldenbBlackwell Publishingc2006 axiv, 754 aBlackwell philosophy anthologies aincludes index aPolitical sciencevPhilosophy aPettit, Philip aGoodin, Robert E.